00707nam a22002177a 4500003000500000005001700005008004100022010001000063011001000073035001000083040000900093082001800102100001700120245009100137260005000228300002800278490005500306650003100361650004200392830005500434CHAP20220817041456.0971013s1975 r 00010 d a15553 a16525 a20605 cCHAP a333.09724bB300aBazant, Jan. aCinco haciendas mexicanas ; tres siglos de vida rural en San Luis Potosí (1600-1910) aMéxico, D. F. :bColegio de México,c1975 a226 p.b: ilus. láms. aCentro de Estudios Históricos. Nueva seriev; 2014aReforma agrariaxHistoria.14aTierrasxTenenciaxSan Luis Potosí.0 aCentro de Estudios Históricos. Nueva seriev; 20